| 000 | 00411nam a2200169Ia 4500 | ||
|---|---|---|---|
| 003 | LK-CoDNM | ||
| 005 | 20240924152109.0 | ||
| 008 | 010623t1961 xxu||||| |||| 00| 1 eng d | ||
| 040 |
_aLK-CoDNM _dLK-CoDNM _eLK-CoDNM |
||
| 041 | _aeng | ||
| 080 |
_a15 _bK45 |
||
| 100 | _aGrenier,J.A.R. | ||
| 245 | _aIsle of Eden | ||
| 260 |
_bK.V.G.De Silva Sons _aColombo _c1961 |
||
| 300 | _b216p. : 19 cm | ||
| 942 | _cBK | ||
| 999 |
_c105574 _d105574 |
||